书目信息 |
| 题名: |
英语专业八级考试翻译特训
|
|
| 作者: | 金莉 主编 ;何静 , 周利芬 , 苏蕴文 编著 | |
| 分册: | ||
| 出版信息: | 北京 机械工业出版社 2007.08 |
|
| 页数: | 181页 | |
| 开本: | 23cm | |
| 丛书名: | 英语专业八级考试系列丛书 | |
| 单 册: | ||
| 中图分类: | H315.9 | |
| 科图分类: | ||
| 主题词: | 英语--ying yu--翻译--高等学校--教学参考资料 | |
| 电子资源: | ||
| ISBN: | 978-7-111-22130-2 | |
| 000 | 01150nam 2200301 450 | |
| 001 | 012008780141 | |
| 005 | 20080111144040.56 | |
| 010 | @a978-7-111-22130-2@dCNY16.80 | |
| 100 | @a20080111d2007 em y0chiy0120 ea | |
| 101 | 0 | @achi@aeng |
| 102 | @aCN@b110000 | |
| 105 | @ay z 000yy | |
| 106 | @ar | |
| 200 | 1 | @a英语专业八级考试翻译特训@Aying yu zhuan ye ba ji kao shi fan yi te xun@f金莉主编@Fjin li zhu bian@g何静, 周利芬, 苏蕴文编著@Ghe jing,zhou li fen,su yun wen bian zhu |
| 210 | @a北京@c机械工业出版社@d2007.08 | |
| 215 | @a181页@d23cm | |
| 225 | 2 | @a英语专业八级考试系列丛书@Aying yu zhuan ye ba ji kao shi xi lie cong shu |
| 330 | @a本书紧扣最新专业八级考试大纲,深入剖析专业八级翻译考试的新走向,详细总结了专业八级翻译应试技巧。 | |
| 410 | 0 | @12001 @a英语专业八级考试系列丛书 |
| 516 | @aTEM8翻译特训@ATEM8 fan yi te xun | |
| 606 | 0 | @a英语@Aying yu@x翻译@x高等学校@j教学参考资料 |
| 690 | @aH315.9@v4 | |
| 701 | 0 | @a金莉@Ajin li@4主编 |
| 702 | 0 | @a何静@Ahe jing@4编著 |
| 702 | 0 | @a周利芬@Azhou li fen@4编著 |
| 702 | 0 | @a苏蕴文@Asu yun wen@4编著 |
| 801 | 0 | @aCN@bQSSK@c20080111 |
| 905 | @b277020-22@dH315.9@eJ783@f3 | |
| 英语专业八级考试翻译特训/金莉主编/何静, 周利芬, 苏蕴文编著.-北京:机械工业出版社,2007.08 |
| 181页;23cm.-(英语专业八级考试系列丛书) |
| ←书脊题名:TEM8翻译特训 |
| ISBN 978-7-111-22130-2:CNY16.80 |
| 本书紧扣最新专业八级考试大纲,深入剖析专业八级翻译考试的新走向,详细总结了专业八级翻译应试技巧。 |
| ● |
| 相关链接 |
|
|
|
正题名:英语专业八级考试翻译特训
索取号:H315.9/J783
 
预约/预借
| 序号 | 登录号 | 条形码 | 馆藏地/架位号 | 状态 | 备注 |
| 1 | 277020 | 202770206 | 语言库209/209语言库 39排1列4层/ [索取号:H315.9/J783] | 在馆 | |
| 2 | 277021 | 202770215 | 语言库209/209语言库 39排1列4层/ [索取号:H315.9/J783] | 在馆 | |
| 3 | 277022 | 202770224 | 语言库209/209语言库 39排1列4层/ [索取号:H315.9/J783] | 在馆 |